Information Security Risk Analysis (Record no. 12046)

MARC details
000 -LEADER
fixed length control field 00424nam a22001697a 4500
003 - CONTROL NUMBER IDENTIFIER
control field OSt
008 - FIXED-LENGTH DATA ELEMENTS--GENERAL INFORMATION
fixed length control field 230512b |||||||| |||| 00| 0 eng d
020 ## - INTERNATIONAL STANDARD BOOK NUMBER
International Standard Book Number 9781439839560
082 ## - DEWEY DECIMAL CLASSIFICATION NUMBER
Classification number 005.8 PEI
100 ## - MAIN ENTRY--PERSONAL NAME
Personal name PELTIER,Thomas R
245 ## - TITLE STATEMENT
Title Information Security Risk Analysis
250 ## - EDITION STATEMENT
Edition statement 3rd Ed
260 ## - PUBLICATION, DISTRIBUTION, ETC. (IMPRINT)
Place of publication, distribution, etc New York
Name of publisher, distributor, etc CRC Press
Date of publication, distribution, etc 2010
300 ## - PHYSICAL DESCRIPTION
Extent 440
650 ## - SUBJECT ADDED ENTRY--TOPICAL TERM
Topical term or geographic name as entry element Information Security Risk Analysis
942 ## - ADDED ENTRY ELEMENTS (KOHA)
Source of classification or shelving scheme Dewey Decimal Classification
Koha item type Text Books
Holdings
Withdrawn status Lost status Source of classification or shelving scheme Damaged status Not for loan Collection code Home library Current library Date acquired Source of acquisition Currency Cost, normal purchase price Bill Number Total Checkouts Full call number Acc. no. / Barcode Date last seen Actual Cost, discounted price Bill Date Koha item type
    Dewey Decimal Classification     B.Tech(CSE) PIET C-LIBRARY PIET C-LIBRARY 14/04/2023 International Book Centre IN RUPEES 12528.00 IB/IN/34   005.8 PEI 35001 12/05/2023 8143.20 15/04/2023 Reference Books
    Dewey Decimal Classification     B.Tech(CSE) PIET C-LIBRARY PIET C-LIBRARY 14/04/2023 International Book Centre IN RUPEES 12528.00 IB/IN/34   005.8 PEI 35002 12/05/2023 8143.20 15/04/2023 Text Books
    Dewey Decimal Classification     B.Tech(CSE) PIET C-LIBRARY PIET C-LIBRARY 14/04/2023 International Book Centre IN RUPEES 12528.00 IB/IN/34   005.8 PEI 35003 12/05/2023 8143.20 15/04/2023 Text Books
    Dewey Decimal Classification     B.Tech(CSE) PIET C-LIBRARY PIET C-LIBRARY 14/04/2023 International Book Centre IN RUPEES 12528.00 IB/IN/34   005.8 PEI 35004 12/05/2023 8143.20 15/04/2023 Text Books
    Dewey Decimal Classification     B.Tech(CSE) PIET C-LIBRARY PIET C-LIBRARY 14/04/2023 International Book Centre IN RUPEES 12528.00 IB/IN/34   005.8 PEI 35005 12/05/2023 8143.20 15/04/2023 Text Books

Design & Developed by: PIET Central Library
R70 Miles Stone Pattikalyana Samalkha Panipat 132102
mail ID :- [email protected], Phone No:- 0180-2569700 Ex.216